LDR 00889naa#a2200169#i#450# 001 EN\\bibl\125906 005 20260629100529.1 011 ## _a2712-7761 100 ## _a20260629b2026####ek#y0engy0150####ca 102 ## _aRU 200 1# _aSubdivision of the Lower and Middle Givetian deposits of the Vysotinsky regional stage by conodonts in the Pokrovskoye section (Middle Urals) _eJournal article 210 1# _aSyktyvkar _cFSBI FIC "Komi Scientific Center of the Ural Branch of the Russian Academy of Sciences" _d2026 215 ## _a8 с. 608 ## _aJournal article _2local 675 ## _aСредний девон Эйфель. Кальцеоловые слои. Живет. Стрингоцефаловые известняки. Эрий. Казенова. Тиугниога. Виссенбахские сланцы. Ульстер. 551.734.3 _z 700 #1 _aSharipova _gAliya Rasulevna 856 4# _akomisc.editorum.ru _u